000 00240nam a22000857a 4500
008 251113b ||||| |||| 00| 0 eng d
100 _aChandler, Robert
245 _aSan Francisco Clearing House Certificates
650 _aSan Francisco|Certificates
999 _c3696
_d3696